Bilecik Bilecik Bilecik Bilecik Bilecik

Genel sebzecilik/ (Record no. 12313)

MARC details
000 -BAŞLIK
Sabit Uzunluktaki Kontrol Alanı 01028nam a22003257a 4500
001 - KONTROL NUMARASI
Control Dosyası 0012344
003 - KONTROL NUMARASI KİMLİĞİ
Kontrol Alanı KOHA_MİRAKIL
005 - EN SON İŞLEM TARİHİ ve ZAMANI
Kontrol Alanı 20260207001848.0
007 - FİZİKSEL TANIM SABİT ALAN - GENEL BİLGİ
Sabit uzunluklu kontrol alanı ta
008 - SABİT UZUNLUKTAKİ VERİ ÖGELERİ - GENEL BİLGİ
Sabit Alan 100111b1990 tu |||gr||||#||||0|tur |
020 ## - ISBN - ULUSLARARASI STANDART KİTAP NUMARASI
Kullanılabilirlik koşulları 0,01
040 ## - KATALOGLAMA KAYNAĞI
Özgün Kataloglama Kurumu TR-BiSEU
Kataloglama Dili tur
Çeviri Kurumu TR-BiSEU
Açıklama Kuralları rda
041 0# - DİL KODU
Metin ya da ses kaydının dil kodu tur
044 ## - YAYINLAYAN/ÜRETEN KURULUŞUN ÜLKE KODU
ISO country code tu
050 ## - SINIFLAMA ve YER NUMARASI
Sınıflama Numarası SB323
Yer Numarası .Y39 1990
100 1# - KİŞİ ADI
Yazar Adı (Kişi adı) Yazgan, Abdurrahman.
245 1# - ESER ADI BİLDİRİMİ
Başlık Genel sebzecilik/
Sorumluluk Bildirimi Abdurrahman Yazgan ; Abdurrahman Yazgan.
264 #1 - ÜRERİM, YAYIN, DAĞITIM ve TELİF BİLDİRİMİ
Yayın yeri Tokat :
Yayınlayan Cumhuriyet Üniversitesi Yayınları
Yayın tarihi 1990
300 ## - FİZİKSEL TANIMLAMA
Sayfa, Cilt vb. 212 sayfa; 25 cm.
336 ## - İÇERİK TÜRÜ
Content type term metin
Content type code txt
Source rdacontent
337 ## - MEDYA TÜRÜ
Media type term aracısız
Media type code n
Source rdamedia
338 ## - TAŞIYICI TÜRÜ
Carrier type term cilt
Carrier type code nc
Source rdacarrier
490 1# - DİZİ BİLDİRİMİ
Dizi Bildirimi Cumhuriyet Üniversitesi Yayınları ;
Cilt Numarası 33.
490 1# - DİZİ BİLDİRİMİ
Dizi Bildirimi Tokat Ziraat Fakültesi Yayınları ;
Cilt Numarası 9.
490 1# - DİZİ BİLDİRİMİ
Dizi Bildirimi Desr Kitabı ;
Cilt Numarası 2.
830 1# - SERİ EK GİRİŞİ - TEKBİÇİM ESER ADI
Tekbiçim Başlık Cumhuriyet Üniversitesi Yayınları ;
Volume number/sequential designation 33.
9 (RLIN) 29812
830 1# - SERİ EK GİRİŞİ - TEKBİÇİM ESER ADI
Tekbiçim Başlık Tokat Ziraat Fakültesi Yayınları ;
Volume number/sequential designation 9.
9 (RLIN) 29813
830 1# - SERİ EK GİRİŞİ - TEKBİÇİM ESER ADI
Tekbiçim Başlık Desr Kitabı ;
Volume number/sequential designation 2.
9 (RLIN) 29814
942 ## - EK GİRİŞ ÖGELERİ (KOHA)
Source of classification or shelving scheme Library of Congress Classification
Koha item type Book
Holdings
Materyal Türü Kalıcı Konum Mevcut Konum Raf Yeri Sınıflandırma Kaynağı Edinim Bilgisi Ana Konular Alt Konular Yer Numarası Demirbaş Numarası Fatura Tarihi Geri Çekilme Durumu Kayıp Durumu Hasarlı Durumu Kredi için değil Kayıt Tarih Toplam Ödünçverme Son Görülme Tarihi Son Kontrol Tarihi Genel / Bağış Notu
Book Prof. Dr. Azmi Özcan Kütüphanesi Prof. Dr. Azmi Özcan Kütüphanesi Birûni Salonu Library of Congress Classification Bağış TARIM Bitki Kültürü SB323 .Y39 1990 0012344 13/08/2010         11/01/2010 2 05/12/2024 05/12/2024 Genel Bağış